| 000 | 00706cam a22002054a 4500 | ||
|---|---|---|---|
| 005 | 20250605164033.0 | ||
| 008 | 250528s ||||||||||||||||||||||||d | ||
| 035 | _a16727 | ||
| 020 | _a722176724 | ||
| 040 |
_aGR-AtMCL _bgre _dGR-AtMCL _eAACR2 |
||
| 245 | 1 | _aRealities / She Lost Everything and Found a New Life | |
| 260 | _c1982 | ||
| 300 | _a440 | ||
| 520 | _aThis moving story of one woman's gradual awakening to her personal realities reflects the self-discovery of an entire generation of women. This is a story of a woman who learns to live with realities. | ||
| 700 | 1 |
_aSchwartz Marian _92817 |
|
| 700 | 1 |
_aSphere Books Limited _92818 |
|
| 942 | _cBK | ||
| 999 |
_c2198 _d2198 |
||